[Event "Kesan op 16th"]
[Site "Kesan"]
[Date "2018.08.12"]
[Round "1"]
[White "Mgeladze, Tamaz"]
[Black "Senyuz, Kutay Emre"]
[Result "1-0"]
[WhiteElo "2400"]
[BlackElo "1201"]
[PlyCount "61"]
[EventDate "2018.08.12"]
[EventType "swiss"]
[EventRounds "9"]
[EventCountry "TUR"]
[SourceTitle "CBM 186 Extra"]
[Source "ChessBase"]
[SourceDate "2018.08.24"]
[SourceVersion "1"]
[SourceVersionDate "2018.08.24"]
[SourceQuality "1"]

1. c4 e5 2. g3 Nf6 3. Bg2 Bc5 4. Nc3 Nc6 5. Nf3 d6 6. 0-0 0-0 7. d3 h6 8. e3 Bg4 9. h3 Bh5 10. a3 a5 11. b3 Qd7 12. Bb2 Rfe8 13. Rc1 Rad8 14. Kh2 Nh7 15. Qd2 f5 16. Nd5 Bxf3 17. Bxf3 Re6 18. b4 axb4 19. axb4 Ba7 20. b5 Ne7 21. Nxe7+ Qxe7 22. Bd5 Ng5 23. f4 exf4 24. exf4 Nf7 25. Bxe6 Qxe6 26. Rce1 Qg6 27. Qc3 Bb6 28. Re6 Qh7 29. Rfe1 Kf8 30. d4 c5 31. Qe3 1-0

[Event "Enez op"]
[Site "Enez"]
[Date "2018.??.??"]
[Round "7"]
[White "Senyuz, Kutay Emre"]
[Black "Aslan, Dogukan"]
[Result "0-1"]
[WhiteElo "1131"]
[BlackElo "1630"]
[PlyCount "36"]
[EventDate "2018.09.15"]
[EventType "swiss"]
[EventRounds "9"]
[EventCountry "TUR"]
[SourceTitle "EXT 2019"]
[Source "ChessBase"]
[SourceDate "2018.10.10"]
[SourceVersion "1"]
[SourceVersionDate "2018.10.10"]
[SourceQuality "1"]

1. e4 c5 2. Nf3 g6 3. d4 cxd4 4. Nxd4 Nc6 5. Nc3 Bg7 6. Be3 Nf6 7. Bc4 Qa5 8. f3 Qb4 9. Bb3 Nxe4 10. a3 Nxc3 11. Qd3 Qa5 12. bxc3 Ne5 13. Qd2 d6 14. 0-0 0-0 15. Ne2 Bd7 16. h3 Rfc8 17. Bd4 Nc4 18. Qf4 e5 0-1